Indian music; problems and prospects / (Record no. 78420)

MARC details
000 -LEADER
fixed length control field 00632cam a22002291 4500
001 - CONTROL NUMBER
control field sa 68002057
003 - CONTROL NUMBER IDENTIFIER
control field DLC
005 - DATE AND TIME OF LATEST TRANSACTION
control field 20260227112439.0
008 - FIXED-LENGTH DATA ELEMENTS--GENERAL INFORMATION
fixed length control field 710903s1967 ii 000 0 eng
010 ## - LIBRARY OF CONGRESS CONTROL NUMBER
LC control number sa 68002057
025 ## - OVERSEAS ACQUISITION NUMBER
Overseas acquisition number PL480:I-E-9201
040 ## - CATALOGING SOURCE
Original cataloging agency DLC
Transcribing agency DLC
Modifying agency DLC
043 ## - GEOGRAPHIC AREA CODE
Geographic area code a-ii---
050 00 - LIBRARY OF CONGRESS CALL NUMBER
Classification number ML338
Item number .K43
082 00 - DEWEY DECIMAL CLASSIFICATION NUMBER
Classification number 781.7/54
100 1# - MAIN ENTRY--PERSONAL NAME
Personal name Keskar, Balkrishna Vishwanath,
Dates associated with a name 1903-
245 10 - TITLE STATEMENT
Title Indian music; problems and prospects /
Statement of responsibility, etc. B. V. Keskar.
260 ## - PUBLICATION, DISTRIBUTION, ETC.
Place of publication, distribution, etc. Bombay :
Name of publisher, distributor, etc. Popular Prakashan,
Date of publication, distribution, etc. [1967]
300 ## - PHYSICAL DESCRIPTION
Extent vi, 93 p. ;
Dimensions 23 cm.
350 ## - PRICE (NR) (BK AM CF MU VM SE) [OBSOLETE]
Price Rs11
650 #0 - SUBJECT ADDED ENTRY--TOPICAL TERM
Topical term or geographic name entry element Music
Geographic subdivision India
General subdivision History and criticism.

No items available.

Powered by Koha